<?xml version="1.0" encoding="UTF-8"?>
<record
    xmlns:xsi="http://www.w3.org/2001/XMLSchema-instance"
    xsi:schemaLocation="http://www.loc.gov/MARC21/slim http://www.loc.gov/standards/marcxml/schema/MARC21slim.xsd"
    xmlns="http://www.loc.gov/MARC21/slim">

  <leader>01261nam a2200217Ia 4500</leader>
  <datafield tag="952" ind1=" " ind2=" ">
    <subfield code="0">0</subfield>
    <subfield code="1">0</subfield>
    <subfield code="2">lcc</subfield>
    <subfield code="4">0</subfield>
    <subfield code="7">0</subfield>
    <subfield code="a">01</subfield>
    <subfield code="b">01</subfield>
    <subfield code="d">2012-06-21</subfield>
    <subfield code="l">0</subfield>
    <subfield code="o">QE431. B89 1964</subfield>
    <subfield code="p">16 000321</subfield>
    <subfield code="r">2023-07-11</subfield>
    <subfield code="t">1</subfield>
    <subfield code="w">2012-10-28</subfield>
    <subfield code="y">LB</subfield>
  </datafield>
  <datafield tag="999" ind1=" " ind2=" ">
    <subfield code="c">86539</subfield>
    <subfield code="d">86539</subfield>
  </datafield>
  <controlfield tag="008">121028s9999    xx            000 0 und d</controlfield>
  <datafield tag="050" ind1=" " ind2=" ">
    <subfield code="a">QE431</subfield>
    <subfield code="b">B89 1964</subfield>
  </datafield>
  <datafield tag="100" ind1=" " ind2=" ">
    <subfield code="a">Bruhns, Willy,1864-1929. </subfield>
  </datafield>
  <datafield tag="240" ind1=" " ind2=" ">
    <subfield code="a">Petrographie. Spanish</subfield>
  </datafield>
  <datafield tag="245" ind1=" " ind2=" ">
    <subfield code="a">Petrografia</subfield>
    <subfield code="b">/ W. Bruhns y P. Ramdohr</subfield>
  </datafield>
  <datafield tag="250" ind1=" " ind2=" ">
    <subfield code="a">Ed. rev. y ampliada por P. Ramdohr ; tr. de la 4a. ed. en aleman / por Maria Teresa Toral. </subfield>
  </datafield>
  <datafield tag="260" ind1=" " ind2=" ">
    <subfield code="a">M&#xE9;xico</subfield>
    <subfield code="b">: Hispano Americana</subfield>
    <subfield code="c">, 1964</subfield>
  </datafield>
  <datafield tag="300" ind1=" " ind2=" ">
    <subfield code="a">vi, 125 p&#xE1;g.</subfield>
    <subfield code="b">; il.</subfield>
    <subfield code="c">: 18 cm.</subfield>
  </datafield>
  <datafield tag="500" ind1=" " ind2=" ">
    <subfield code="a">Translation of Petrographie.   \\Tr. de : Petrographie.;Incluye Introducci&#xF3;n,&#xCD;ndice e &#xCD;ndice Alfab&#xE9;tico</subfield>
  </datafield>
  <datafield tag="504" ind1=" " ind2=" ">
    <subfield code="a">Bibliography: p. 3-4.  \\Includes index.</subfield>
  </datafield>
  <datafield tag="505" ind1=" " ind2=" ">
    <subfield code="a">Parte General.
I. M&#xE9;todos de ensayo petrogr&#xE1;fico
II. Los componentes de las rocas
III. Segregaci&#xF3;n de las rocas
IV. Generalidades acerca de la g&#xE9;nesis de las rocas
V. Metamorfosis de las rocas
VI. Clasificaci&#xF3;n de las rocas
VII. Formaciones geol&#xF3;gicas

Parte Descriptiva
I. Las rocas magm&#xE1;ticas
II. Descripci&#xF3;n de las rocas eruptivas m&#xE1;s importantes
III. Rocas sedimentarias
IV. Pizarras cristalinas</subfield>
  </datafield>
  <datafield tag="519" ind1=" " ind2=" ">
    <subfield code="a">Material complementario /</subfield>
    <subfield code="d">16 000321</subfield>
  </datafield>
  <datafield tag="650" ind1=" " ind2=" ">
    <subfield code="a">Petrology.  \MINERALOGIA. \PETROLOGIA.</subfield>
  </datafield>
  <datafield tag="700" ind1=" " ind2=" ">
    <subfield code="a">Ramdohr, Paul,1890-ed.&#xCC;</subfield>
  </datafield>
  <datafield tag="942" ind1=" " ind2=" ">
    <subfield code="2">lcc</subfield>
    <subfield code="c">LB</subfield>
  </datafield>
</record>
